000 00834cam a2200241 a 4500
001 000012820
005 20200929163100.0
008 850801s1968 sp 000 0 spa
035 _a(DLC) 71375396
040 _aDO-SdBNP
_cCarP
_dDLC
_dBNPHU
082 _a346.02
_bE77f
100 1 _aEspert Sanz, Vicente.
_929648
245 1 3 _aLa frustración del fin del contrato /
_cVicente Espert Zanz ; prólogo, Luis Diez Picazo.
260 _aMadrid :
_bTecnos,
_c1968.
300 _a263 p. ;
_c22 cm.
490 1 _aBiblioteca Tecnos de estudios jurídicos
650 0 _aIncumplimiento de contrato
_zEspaña.
_929649
650 0 _aIncumplimiento de contrato
_929650
700 1 _aDiez Picazo, Luis
_epról.
_929651
830 0 _aBiblioteca Tecnos de estudios jurídicos.
_928880
910 _aCatalogación por copia / LC
049 _aBNGR
999 _c12470
_d12470